00870cam a22002897a 4500003000500000005001700005008004100022010001000063011001000073035001000083040000900093082002200102111013000124245001200254260007600266300001100342500002500353650002500378650002600403650002000429650001500449650002500464650003100489650002800520650001700548650001500565CHAP20220329141001.0971013s1995 r 10010 d a60921 a61893 a66065 cCHAP a634.063bC64 199500aCurso de Actualización Panorama Internacional de la Comercialización Frutícolan(8d: 1995c: Coatepec Harinas, Méx.) 0aMemoria aCoatepec Harinas, Méx. :bFundación Salvador Sánchez Colin,c1995 a278 h. aContiene 16 trabajos14aChirimoyaxMéxico.14aCítricosxMéxico.14aDiospyros kaki.14aFrambuesa.14aFrutaxEvaluación.14aFrutaxMercadeoxMéxico.14aFruticulturazMéxico.14aMangostán.14aZarzamora.